LEADER 01451nam0 22003373i 450 001 VAN00294891 005 20250613095428.791 010 $a978-88-7860-021-8 100 $a20250613d1989 |0itac50 ba 101 $aita 102 $aIT 105 $a|||| ||||| 181 $ai$b e 182 $an 183 $anc 200 1 $aˆI ‰diversi Sud dell'economia mondiale$eclassificazione, indebitamento e prospettive commerciali dei paesi in via di sviluppo$fdi Enrico Colombatto, Andrea Beltratti, Eva Bocchiola$gcon un saggio di Rudiger Dornbusch$gintroduzione di Umberto Agnelli 210 $aTorino$cEdizioni della Fondazione Giovanni Agnelli$d1989 215 $aXVI, 275 p.$d21 cm 620 $dTorino$3VANL000001 700 1$aColombatto$bEnrico$3VANV006574$0120583 701 1$aBeltratti$bAndrea$3VANV046141$0115285 701 1$aBocchiola$bEva$3VANV250877$0121175 702 1$aAgnelli$bUmberto$3VANV076439 702 1$aDornbusch$bRudiger$3VANV003727 712 $aEdizioni della Fondazione Giovanni Agnelli$3VANV250876$4650 801 $aIT$bSOL$c20251010$gRICA 899 $aBIBLIOTECA DEL DIPARTIMENTO DI LETTERE E BENI CULTURALI$1IT-CE0103$2VAN07 912 $aVAN00294891 950 $aBIBLIOTECA DEL DIPARTIMENTO DI LETTERE E BENI CULTURALI$d07CONS YC 465 $e07UBL4960 20250613 996 $aDiversi sud dell'economia mondiale$9631060 997 $aUNICAMPANIA LEADER 01730nam0 22003973i 450 001 VAN00253908 005 20251216093450.934 017 70$2N$a9781461457312 100 $a20230201d2012 |0itac50 ba 101 $aeng 102 $aUS 105 $a|||| ||||| 181 $ai$b e 182 $ab 183 $acr 200 1 $aTransport and Fate of Chemicals in the Environment$eSelected Entries from the Encyclopedia of Sustainability Science and Technology$fJohn S. Gulliver editor 210 $aNew York$cSpringer$d2012 215 $aVI, 375 p.$cill.$d24 cm 620 $aUS$dNew York$3VANL000011 676 $a551.9$cGeochimica$v22 676 $a541$cChimica fisica$v22 676 $a577.14$cChimica ambientale$v22 676 $a668.4192$cTecnologia dei rifiuti$v22 676 $a571.95$cEcotossicologia$v22 702 1$aGulliver$bJohn S.$3VANV207001 712 $aSpringer $3VANV108073$4650 790 1$aGulliver, J. S.$zGulliver, John S.$3VANV207002 790 1$aGulliver, J.S.$zGulliver, John S.$3VANV208262 801 $aIT$bSOL$c20251219$gRICA 856 4 $uhttps://link.springer.com/openurl?genre=book&isbn=978-1-4614-5731-2$zE-book - Accesso al full-text attraverso riconoscimento IP di Ateneo, proxy e/o Shibboleth 899 $aBIBLIOTECA DEL DIPARTIMENTO DI SCIENZE E TECNOLOGIE AMBIENTALI BIOLOGICHE E FARMACEUTICHE$1IT-CE0101$2VAN17 912 $fN 912 $aVAN00253908 950 $aBIBLIOTECA DEL DIPARTIMENTO DI SCIENZE E TECNOLOGIE AMBIENTALI BIOLOGICHE E FARMACEUTICHE$d17CONS e-book 2303 $e17BIB2303/5 5 20230201 996 $aTransport and Fate of Chemicals in the Environment$93011496 997 $aUNICAMPANIA LEADER 01556nam0 22003853i 450 001 VAN00303327 005 20260316100200.57 010 $a978-33-19-77494-7 017 70$2N$a9783319774954 100 $a20260316d2018 |0itac50 ba 101 $aeng 102 $aCH 105 $a|||| ||||| 181 $ai$b e 182 $ab 183 $acr 200 1 $aAcute Neuronal Injury$eThe Role of Excitotoxic Programmed Cell Death Mechanisms$fDenson G. Fujikawa editor 210 $aCham$cSpringer$d2018 215 $aXII, 215 p.$cill.$d24 cm 620 $aCH$dCham$3VANL001889 676 $a194$cPsichiatria$v21 676 $a571.6$cBiologia cellulare$v22 676 $a616.8$cNeurologia$v22 702 1$aFujikawa$bDenson G.$3VANV258591 712 $aSpringer $3VANV108073$4650 790 1$aFujikawa, D. G.$zFujikawa, Denson G.$3VANV258594 790 1$aFujikawa, D.G.$zFujikawa, Denson G.$3VANV258595 801 $aIT$bSOL$c20260320$gRICA 856 4 $uhttps://doi.org/10.1007/978-3-319-77495-4$zE-book - Accesso al full-text attraverso riconoscimento IP di Ateneo, proxy e/o Shibboleth 899 $aBIBLIOTECA DEL DIPARTIMENTO DI SCIENZE E TECNOLOGIE AMBIENTALI BIOLOGICHE E FARMACEUTICHE$1IT-CE0101$2VAN17 912 $fN 912 $aVAN00303327 950 $aBIBLIOTECA DEL DIPARTIMENTO DI SCIENZE E TECNOLOGIE AMBIENTALI BIOLOGICHE E FARMACEUTICHE$d17CONS e-book 2406 $e17BIB2406/229 229 20260316 996 $aAcute Neuronal Injury$92522653 997 $aUNICAMPANIA